Score 0/20 Timer 05:00
0 Plays Today
% Correct
Joey Tribbiani
93.6%
Will Smith
92.7%
Frasier Crane
87.7%
Steve Urkel
86.3%
Ricky Ricardo
81.3%
George Costanza
76.6%
D.J. Tanner
76.3%
Sam Malone
76.3%
John 'JD' Dorian
76.1%
Pam Beesly
73.1%
% Correct
Amy Farrah Fowler
71.2%
Leslie Knope
67.6%
Phil Dunphy
67%
George Michael Bluth
60.7%
Liz Lemon
60.1%
Michael Kelso
59.7%
Mindy Lahiri
59.2%
Amy Santiago
53.5%
Charlie Kelly
51%
Brian Griffin
43.4%

You're not logged in!

Compare scores with friends on all Sporcle quizzes.
OR
Log In

Sporcle TV

Today on Sporcle TV


Watch our educational content, quiz creation guides, and fun videos on Sporcle TV.

Show Comments

Extras

Top Quizzes Today


Score Distribution

Paid Content

Your Account Isn't Verified!

In order to create a playlist on Sporcle, you need to verify the email address you used during registration. Go to your Sporcle Settings to finish the process.

Report this User

Report this user for behavior that violates our Community Guidelines.

Details: